Rozvoj zdravotníctva v Slovenskej republike v roku 1986

Gespeichert in:
Bibliographische Detailangaben
Format: Buch
Sprache:Slowakisch
Veröffentlicht: Bratislava Ústav zdravotníckych informácií a štatistiky 1987
Tags: Tag hinzufügen
Keine Tags, Fügen Sie das erste Tag hinzu!

MARC

LEADER 00000nam a2200000 4500
001 c022579
005 20251111093340.7
041 0 |a slo 
044 |a SK 
245 1 0 |a Rozvoj zdravotníctva v Slovenskej republike v roku 1986 
264 1 |a Bratislava  |b Ústav zdravotníckych informácií a štatistiky  |c 1987 
300 |a Prer. s.